|
|
|
|
| LEADER |
00000nam0a2200000 4500 |
| 001 |
38348 |
| 005 |
20231101210506.0 |
| 010 |
|
|
|a 5217011246
|
| 035 |
|
|
|a (RuTPU)RU\TPU\book\39068
|
| 090 |
|
|
|a 38348
|
| 100 |
|
|
|a 20020304d1990 km y0rusy50 ca
|
| 101 |
0 |
|
|a rus
|
| 102 |
|
|
|a RU
|
| 105 |
|
|
|a a g 001zy
|
| 200 |
1 |
|
|a Справочник слесаря-монтажника технологического оборудования
|f П. П. Алексеенко, Л. А. Григорьев, И. Л. Рубин и др.
|g под ред. П. П. Алексеенко
|
| 210 |
|
|
|a Москва
|c Машиностроение
|d 1990
|
| 215 |
|
|
|a 703 с.
|c ил.
|
| 225 |
1 |
|
|a Серия справочников для рабочих
|
| 320 |
|
|
|a Библиогр.: с. 700-701.
|
| 320 |
|
|
|a Предм. указ.: с. 701-704.
|
| 606 |
1 |
|
|a Слесарно-сборочное дело
|2 stltpush
|3 (RuTPU)RU\TPU\subj\55154
|9 73214
|
| 610 |
1 |
|
|a металлобработка
|
| 610 |
1 |
|
|a слесарные работы
|
| 610 |
1 |
|
|a монтажные работы
|
| 610 |
1 |
|
|a технологическое оборудование
|
| 610 |
1 |
|
|a монтаж
|
| 610 |
1 |
|
|a инструменты
|
| 610 |
1 |
|
|a измерения
|
| 610 |
1 |
|
|a такелажные средства
|
| 610 |
1 |
|
|a грузоподъемные работы
|
| 610 |
1 |
|
|a оборудование
|
| 610 |
1 |
|
|a нормирование
|
| 610 |
1 |
|
|a оплата труда
|
| 610 |
1 |
|
|a заработная плата
|
| 610 |
1 |
|
|a справочники
|
| 675 |
|
|
|a 621.757(035)
|v 3
|
| 701 |
|
1 |
|a Алексеенко
|b П. П.
|g Павел Пантелеевич
|
| 701 |
|
1 |
|a Григорьев
|b Л. А.
|g Лев Алексеевич
|
| 701 |
|
1 |
|a Рубин
|b И. Л.
|g Игорь Львович
|
| 701 |
|
1 |
|a Голованов
|b В. И.
|
| 701 |
|
1 |
|a Исаков
|b Э. Н.
|
| 701 |
|
1 |
|a Калугин
|b В. А.
|
| 702 |
|
1 |
|a Алексеенко
|b П. П.
|4 340
|
| 801 |
|
1 |
|a RU
|b 63413507
|c 20020304
|g PSBO
|
| 801 |
|
2 |
|a RU
|b 63413507
|c 20201015
|g PSBO
|
| 942 |
|
|
|c BK
|